Представление документа в формате MARC21

ПолеНазваниеЗначение
  Тип записи a
  Библиографический уровень m
001 Контрольный номер RU\infra-m\znanium\bibl\1113506
005 Дата корректировки 20260429142213.9
008 Кодируемые данные 250109s2020 RU g rus u
020 Индекс ISBN __
a ISBN 978-5-16-015247-9
020 Индекс ISBN __
a ISBN 978-5-16-109003-9 (электр. издание)
040 Источник каталогиз. __
a Служба первич. каталог. Общество с ограниченной ответственностью «ЗНАНИУМ»
041 Код языка издания __
a Код языка текста rus
044 Код страны публикации __
a Код страны публикации RU
080 Индекс УДК __
a Индекс УДК 621.9(075.32)
084 Индекс другой классификации/Индекс ББК __
2 Источник индекса rubbk
a Индекс другой классификации/Индекс ББК 34.63я723
084 Индекс другой классификации/Индекс ББК __
2 Источник индекса okso
a Индекс другой классификации/Индекс ББК 12.02.04
084 Индекс другой классификации/Индекс ББК __
2 Источник индекса okso
a Индекс другой классификации/Индекс ББК 15.01.22
084 Индекс другой классификации/Индекс ББК __
2 Источник индекса okso
a Индекс другой классификации/Индекс ББК 15.01.35
084 Индекс другой классификации/Индекс ББК __
2 Источник индекса okso
a Индекс другой классификации/Индекс ББК 15.01.37
084 Индекс другой классификации/Индекс ББК __
2 Источник индекса okso
a Индекс другой классификации/Индекс ББК 15.02.01
084 Индекс другой классификации/Индекс ББК __
2 Источник индекса okso
a Индекс другой классификации/Индекс ББК 15.02.16
084 Индекс другой классификации/Индекс ББК __
2 Источник индекса okso
a Индекс другой классификации/Индекс ББК 15.02.17
084 Индекс другой классификации/Индекс ББК __
2 Источник индекса okso
a Индекс другой классификации/Индекс ББК 15.02.18
084 Индекс другой классификации/Индекс ББК __
2 Источник индекса okso
a Индекс другой классификации/Индекс ББК 27.02.02
084 Индекс другой классификации/Индекс ББК __
2 Источник индекса okso
a Индекс другой классификации/Индекс ББК 27.02.07
100 Автор __
a Автор Солоненко В.Г.
q Полное имя Солоненко Владимир Григорьевич
245 Заглавие __
a Заглавие Резание металлов и режущие инструменты
b Продолж. заглавия Учебное пособие
250 Сведения об издании __
a Основные сведения об издании 1
260 Выходные данные __
a Место издания Москва
b Издательство ООО "Научно-издательский центр ИНФРА-М"
c Дата издания 2020
300 Физическое описание __
a Объем 415 с.
440 Серия __
a Серия Среднее профессиональное образование
520 Аннотация __
a Аннотация В учебном пособии рассмотрены элементы процесса резания металлов инструментальные материалы явления сопровождающие процесс резания металлов виды смазочно-охлаждающих жидкостей режимы резания при точении особенности отдельных видов лезвийной обработки конструкции режущих инструментов шлифование инструментальное обеспечение автоматизированного производства. Даны элементы теории проектирования режущих инструментов освещены вопросы моделирования и надежности режущих инструментов и процесса резания. Для студентов учреждений среднего профессионального образования обучающихся по техническим специальностям.
521 Примеч. о цел. назн. __
a Примеч. о целев. назн. Среднее профессиональное образование
650 Тематические рубрики __
a Основная рубрика Промышленность. Энергетика
x Основная подрубрика Технология машиностроения
655 Указ. предметных рубрик (устаревшее) __
a Жанр/ форма (устаревшее) Учебное пособие
700 Другие авторы __
a Другие авторы Рыжкин А. А.
q Полное имя Рыжкин Анатолий Андреевич
u Дополнение Дагестанский государственный технический университет
856 Электронный адрес документа 4_
a Имя сервера/домена znanium.com
m Помощь ebs_support@infra-m.ru
n Местонахождение сервера НИЦ ИНФРА-М
u URL https://znanium.com/catalog/document?id=363010
856 Электронный адрес документа 48
a Имя сервера/домена znanium.com
d Путь /cover/1113
f Электронное имя 1113506.jpg
q Тип электронного формата image/jpeg
u URL https://znanium.com/cover/1113/1113506.jpg
911 __
u 0030=https://znanium.com/catalog/document?id=363010